|
|
|
|
| LEADER |
00000cam a22000007a 4500 |
| 001 |
65550 |
| 003 |
CZ-ZlUTB |
| 005 |
20240829151127.0 |
| 007 |
ta |
| 008 |
120809s1946 xr 000 d cze d |
| 040 |
|
|
|a ZLD002
|b cze
|
| 072 |
|
7 |
|a 101
|x Filozofie
|2 Konspekt
|9 5
|
| 080 |
|
|
|a 101
|2 MRF
|
| 080 |
|
|
|a 159.923
|2 MRF
|
| 080 |
|
|
|a 316.728-021.465
|2 MRF
|
| 080 |
|
|
|a 159.964.2
|2 MRF
|
| 080 |
|
|
|a 159.9
|2 MRF
|
| 080 |
|
|
|a (049)
|2 MRF
|
| 100 |
1 |
|
|a Trnka, Tomáš,
|d 1888-1961
|7 jk01140151
|4 aut
|
| 245 |
1 |
0 |
|a Člověk a věčnost :
|b Typologie a charakterologie /
|c Tomáš Trnka
|
| 250 |
|
|
|a 3., přeprac. a rozš. vyd.
|
| 260 |
|
|
|a Praha :
|b Aventinum,
|c 1946
|
| 300 |
|
|
|a 286 s. ;
|c 21 cm
|
| 490 |
1 |
|
|a Spisy Tomáše Trnky ;
|v Sv. 3
|
| 500 |
|
|
|a Na obálce použita reprodukce Michelangelovy fresky
|
| 504 |
|
|
|a Obsahuje bibliografické odkazy
|
| 650 |
0 |
7 |
|a filozofie
|7 ph114540
|2 czenas
|
| 650 |
0 |
7 |
|a psychologie osobnosti
|7 ph115951
|2 czenas
|
| 650 |
0 |
7 |
|a kvalita života
|7 ph198739
|x psychologie
|2 czenas
|
| 650 |
0 |
7 |
|a psychoanalýza
|7 ph117255
|2 czenas
|
| 650 |
0 |
7 |
|a charakter
|7 ph200852
|2 czenas
|
| 650 |
0 |
9 |
|a philosophy
|2 eczenas
|
| 650 |
0 |
9 |
|a psychology of personality
|2 eczenas
|
| 650 |
0 |
9 |
|a quality of life
|x psychology
|2 eczenas
|
| 650 |
0 |
9 |
|a psychoanalysis
|2 eczenas
|
| 650 |
0 |
9 |
|a character
|2 eczenas
|
| 655 |
|
7 |
|a stati
|7 fd133586
|2 czenas
|
| 655 |
|
9 |
|a writings
|2 eczenas
|
| 830 |
|
0 |
|a Spisy Tomáše Trnky
|
| 910 |
|
|
|a ZLD002
|
| 952 |
|
|
|0 0
|1 0
|4 0
|6 1TRNKAT
|7 0
|8 BOOK
|9 118608
|a UTBZL
|b UTBZL
|c 030
|d 2012-08-09
|l 1
|o 1/TRNKA,T.
|p 420010145460
|r 2019-08-26 00:00:00
|v 170.00
|w 2019-08-26
|x N:dar; | 20100831
|y 05
|
| 992 |
|
|
|a BK
|b SK
|d 1
|
| 999 |
|
|
|c 65550
|d 65550
|